Click the World Quadrant - Statistics

General Stats
  • This quiz has been taken 20 times
  • The average score is 16 of 25
Answer Stats
Hint Answer % Correct
Hudson Bay North-West ⬉
89%
Easter Island South-West ⬋
79%
Tierra del Fuego South-West ⬋
79%
Saint Basil's Cathedral North-East ⬈
74%
Danube River North-East ⬈
74%
Wellington South-East ⬊
74%
Tibet North-East ⬈
68%
Lake Tanganyika South-East ⬊
68%
Taj Mahal North-East ⬈
63%
Sicily North-East ⬈
63%
Dead Sea North-East ⬈
63%
Hawaii North-West ⬉
63%
Christmas Island South-East ⬊
63%
Java Island South-East ⬊
63%
Sri Lanka North-East ⬈
58%
Nova Scotia North-West ⬉
58%
Bermuda North-West ⬉
58%
Panama Canal North-West ⬉
58%
Cape Town South-East ⬊
58%
Arequipa South-West ⬋
58%
Kamchatka Peninsula North-East ⬈
53%
Gulf of Aden North-East ⬈
53%
Lagos North-East ⬈
53%
Ivory Coast North-West ⬉
42%
Mount Vinson South-West ⬋
26%
No matching quizzes found
Score Distribution
Percent of People with Each Score
Percentile by Number Answered
Your Score History
You have not taken this quiz